Naracandra Jaina jyotisha.

On Jaina astrology.

Saved in:
Bibliographic Details
Main Author: Naracandrasūri, active 13th century.
Format: Book
Language:Gujarati
Sanskrit
Published: Amadāvāda : Sarasvatī Pustaka Bhaṇḍāra, 2003.
Edition:Saṃśodhita adyatana āvr̥tti.
Subjects:
Tags: Add Tag
No Tags, Be the first to tag this record!
LEADER 00900cam a22002895a 4500
001 009508310-3
005 20041129142859.0
008 030404s2003 ii a 000 0 gujo
010 |a  2003307278 
025 |a I-Gu-2003-307278; 02 
035 0 |a ocm52594327 
037 |b Library of Congress -- New Delhi Overseas Office  |c Rs125.00 
040 |a DLC  |c DLC 
041 1 |a gujsan  |h san 
042 |a lcode 
050 0 0 |a BF1714.J28  |b N37 
100 0 |a Naracandrasūri,  |d active 13th century. 
240 1 0 |a Naracandrajyotiṣa.  |l Gujarati & English 
245 1 0 |a Naracandra Jaina jyotisha. 
250 |a Saṃśodhita adyatana āvr̥tti. 
260 |a Amadāvāda :  |b Sarasvatī Pustaka Bhaṇḍāra,  |c 2003. 
300 |a 161 p. :  |b ill. ;  |c 22 cm. 
546 |a Gujarati and Sanskrit. 
520 |a On Jaina astrology. 
650 0 |a Jaina astrology  |v Early works to 1800. 
988 |a 20041129 
906 |0 DLC